[Event "Groningen SO ON op B"]
[Site "Groningen"]
[Date "2001.??.??"]
[Round "2.3"]
[White "Bekooy, Taco"]
[Black "Stallinga, Robert Mark"]
[Result "1-0"]
[WhiteElo "1750"]
[BlackElo "1640"]
[PlyCount "88"]
[EventDate "2001.12.22"]
[EventType "swiss"]
[EventRounds "9"]
[EventCountry "NED"]
[SourceTitle "EXT 2003"]
[Source "ChessBase"]
[SourceDate "2002.11.25"]
[SourceVersion "1"]
[SourceVersionDate "2002.11.25"]
[SourceQuality "1"]

1. e4 Nf6 2. e5 Nd5 3. Nc3 Nxc3 4. dxc3 d6 5. Nf3 Nc6 6. Bb5 Bd7 7. Qe2 e6 8. Bf4 a6 9. Bd3 Be7 10. 0-0-0 f6 11. exf6 Bxf6 12. g4 g5 13. Bg3 Qe7 14. h4 0-0-0 15. hxg5 Bxg5+ 16. Kb1 h6 17. Nd4 Rdf8 18. Bxa6 Nb8 19. Bc4 e5 20. Nb5 Nc6 21. Bd5 b6 22. Na7+ Nxa7 23. Qa6+ Kd8 24. Qxa7 Bxg4 25. Qa8+ Bc8 26. Rhe1 Bf4 27. Bb7 Kd7 28. Bxc8+ Rxc8 29. Qa4+ b5 30. Qxb5+ c6 31. Qd3 Bxg3 32. Qxg3 Kc7 33. f4 e4 34. Rd4 d5 35. f5+ Qd6 36. Qg7+ Qd7 37. Qg3+ Qd6 38. Qe3 Qf6 39. Rxe4 dxe4 40. Qa7+ Kd6 41. Rd1+ Ke5 42. Qd4+ Kf4 43. Qxf6 Rce8 44. Rf1+ Kg4 1-0

[Event "Groningen SO ON op B"]
[Site "Groningen"]
[Date "2001.??.??"]
[Round "7.2"]
[White "Soerdjan, Kiran"]
[Black "Bekooy, Taco"]
[Result "1-0"]
[WhiteElo "1717"]
[BlackElo "1750"]
[PlyCount "49"]
[EventDate "2001.12.22"]
[EventType "swiss"]
[EventRounds "9"]
[EventCountry "NED"]
[SourceTitle "EXT 2003"]
[Source "ChessBase"]
[SourceDate "2002.11.25"]
[SourceVersion "1"]
[SourceVersionDate "2002.11.25"]
[SourceQuality "1"]

1. e4 c5 2. Nf3 Nc6 3. d4 cxd4 4. Nxd4 Nf6 5. Nc3 d6 6. f3 e5 7. Nb3 Be6 8. Be3 Be7 9. Qd2 a6 10. 0-0-0 0-0 11. g4 b5 12. h4 Qc7 13. Kb1 Rfc8 14. h5 Bf8 15. g5 Ne8 16. g6 Nf6 17. h6 fxg6 18. Bh3 Bxh3 19. Rxh3 gxh6 20. Bxh6 Bxh6 21. Rxh6 Rd8 22. Nd5 Qf7 23. Nxf6+ Qxf6 24. Qd5+ Kg7 25. Rdh1 1-0